|
|
|
|
| LEADER |
01408nam a2200301 a 4500 |
| 001 |
3572752 |
| 008 |
090601s1998 ii 100 0 eng d |
| 010 |
|
|
|a 98901086
|
| 020 |
|
|
|a 8120412265
|
| 040 |
|
|
|a DLC
|c DLC
|d DLC
|
| 082 |
0 |
0 |
|a 620.1/93
|2 21
|
| 245 |
0 |
0 |
|a Strategic manufacturing for competitive advantage :
|b a CSIR & HLL symposium /
|c [organized] by A.S. Ganguly & P.K. Chadha ; editors, A. Lahiri & V.R. Dhanuka.
|
| 260 |
|
|
|a New Delhi :
|b Oxford & IBH Pub. Co.,
|c c1998.
|
| 300 |
|
|
|a vii, 114 p. ;
|c 25 cm.
|
| 520 |
|
|
|a Proceedings of a seminar jointly organized by the Council of Scientific & Industrial Research (India) and Hindustan Lever Limited in Bangalore on 12th Mar. 1997.
|
| 541 |
1 |
|
|e 0000011785
|
| 650 |
|
0 |
|a Manufacturing industries
|z India
|x congresses.
|
| 650 |
|
0 |
|a Competition, International
|x Congresses.
|
| 650 |
|
0 |
|a Small business
|z India
|x Congresses.
|
| 700 |
1 |
|
|a Ganguly, Ashok S.
|q (Ashok Sekhar),
|d 1935-
|
| 700 |
1 |
|
|a Chadha, P. K.
|q (Prem K.)
|
| 700 |
1 |
|
|a Lahiri, A.
|
| 700 |
1 |
|
|a Dhanuka, V. R.
|
| 710 |
2 |
|
|a Council of Scientific & Industrial Research (India)
|
| 710 |
2 |
|
|a Hindustan Lever Ltd.
|
| 852 |
4 |
|
|a Ayesha Abed Library
|j General shelf
|
| 999 |
|
|
|c 1208
|d 1208
|
| 952 |
|
|
|0 0
|1 0
|2 ddc
|4 0
|6 620_193000000000000_STR_1998
|7 0
|9 1094
|a BRACUL
|b BRACUL
|c GEN
|d 2009-06-25
|g 0.00
|l 0
|o 620.193 STR
|p 3010011785
|r 2009-06-25
|t 1
|w 2009-06-25
|y BK
|x No price found in the accession register.
|